|
|
|
|
| LEADER |
00000nab a2200000 a 4500 |
| 001 |
vtls000042603 |
| 003 |
SK-MaSNL |
| 005 |
20260304065014.0 |
| 008 |
250422c1979 xo 0 slo |
| 015 |
|
|
|a SNBRB19rr/mm-uuuuu
|
| 035 |
|
|
|a CL0052698
|
| 035 |
|
|
|a urn:nbn:sk:snk-abdk9x
|
| 035 |
|
|
|a (urnnbn)urn:nbn:sk:snk:ar-001qbh
|
| 035 |
|
|
|a (uuid)fb4595fe-a00b-4f5f-a3ce-85ba15252d03
|
| 040 |
|
|
|a SNKBUCL
|b slo
|c SNKBUCL
|e AACR2
|
| 041 |
0 |
|
|a slo
|
| 044 |
|
|
|a xo
|c SK
|
| 080 |
|
|
|a 728
|2 1981
|
| 100 |
1 |
|
|a Bílek, Teodor
|4 aut
|9 678022
|
| 245 |
1 |
0 |
|a Možnosti intenzifikácie obytných súborov
|c Teodor Bílek
|
| 300 |
|
|
|b Tb. 1. Schéma 2. Diagram 1.
|
| 650 |
0 |
7 |
|a bytová výstavba
|2 snkbucl
|9 3036
|
| 650 |
0 |
7 |
|a budovy obytné
|2 snkbucl
|9 441993
|
| 655 |
|
7 |
|a články z novín a časopisov
|2 snkbucl
|9 267496
|
| 773 |
0 |
|
|t Projekt
|g Roč. 21, č. 8 (1979), s. 12-13
|
| 850 |
|
|
|a Slovenská národná knižnica
|
| 852 |
|
|
|a Slovenská národná knižnica
|
| 954 |
|
|
|a odborná, vedecká literatúra pôvodná (slovenská)
|2 lita
|
| 958 |
|
|
|a article19
|
| 958 |
|
|
|a RK
|
| 958 |
|
|
|a OND
|
| 958 |
|
|
|a EUIPO
|
| 992 |
|
|
|a RBX
|
| 999 |
|
|
|c 2748890
|d 2750820
|